Statistics for Bedroom Word Scramble

Click here to take the quiz!

General Stats

  • This quiz has been taken 1,088 times
  • The average score is 13 of 15

Answer Stats

HintAnswer% Correct
debbed
100%
nibbin
98%
helsfshelf
97%
radworbewardrobe
97%
ghtlilight
93%
palmlamp
92%
hoexsboshoebox
90%
wardersdrawers
89%
tramessmatress
89%
lopiwlpillow
87%
niwwodwindow
86%
vutedduvet
75%
bucpaodrcupboard
70%
lidsnbblinds
63%
backsooebookcase
31%

Score Distribution

Percentile by Number Answered

Percent of People with Each Score

Your Score History

You have not taken this quiz